Osnovy primenenija EVM /
Salvato in:
| Autori principali: | , , |
|---|---|
| Natura: | Libro |
| Pubblicazione: |
Moskva :
Radio i svjaz,
1988
|
| Tags: |
Nessun Tag, puoi essere il primo ad aggiungerne!!
|
MARC
| LEADER | 00000nam a22000003a 4500 | ||
|---|---|---|---|
| 001 | stu48196 | ||
| 005 | 20150617225711.4 | ||
| 008 | ------s1988----xxr---------------------d | ||
| 040 | |a STU |b slo | ||
| 041 | 0 | ||
| 044 | |a xxr | ||
| 080 | |a 681.332.6 | ||
| 100 | 1 | |a Karančuk, Vladimir Pavlovič |4 aut | |
| 245 | 1 | |a Osnovy primenenija EVM / |c [aut.] Karančuk,V.P.; Svarovskij,I.N.; Suzdaľnickij,I.D | |
| 260 | |a Moskva : |b Radio i svjaz, |c 1988 | ||
| 300 | |a 286 s | ||
| 700 | 1 | |a Svarovskij, Ivan Nikolajevič |4 aut | |
| 700 | 1 | |a Suzdaľnickij, Iosif Davydovič |4 aut | |
| 996 | |b J82526 |c J*82526/K 16 |l JJK16 |s P |a 0 |w stu48196_0001 | ||